000 00923nam a22001937a 4500
999 _c58798
_d58798
005 20230116105812.0
008 220912c2022 ge ||||| |||| 00| 0 geo d
022 _a22980954
041 _ageo
245 _aარილი. 2022 :
_bსაზოგადოებრივ-ლიტერატურული ჟურნალი /
_cრედ.: მალხაზ ხარბედია, ლექსო დორეული, შადიმან შამანაძე.
260 _aთბილისი,
_c1999-
300 _av.
653 _aარილი
653 _aპერიოდიკა
700 _aხარბედია, მალხაზ
_eრედაქტორი
_914581
700 _aდორეული, ლექსო
_eრედაქტორი
_94151
700 _a შამანაძე, შადიმან
_eრედაქტორი
_914582
942 _2udc
_cCR